| 000 | 00490nam a2200169Ia 4500 | ||
|---|---|---|---|
| 003 | GCL | ||
| 008 | 140319s9999 xx 000 0 ara d | ||
| 040 |
_aGCL / _cGCL |
||
| 082 | 0 | 4 |
_a636.09 _bس ا |
| 100 | 1 | _aالسيد احمد جهاد | |
| 245 | 1 | 0 |
_aالابل العربية : انتاج والتراث / _cالسيد احمد جهاد |
| 300 | _a370 ص | ||
| 490 | _a | ||
| 650 | 0 | 4 | _aالتراث العربى |
| 650 | 0 | 4 | _aالحيوانات، الاساطير |
| 942 |
_2ddc _cBK |
||
| 999 |
_c44693 _d44693 |
||